00325nam a2200121Ia 4500008004100000041000800041082001600049100001900065245004500084260003300129300003200162365000900194240624s9999 xx 000 0 und d aeng a658.155 ROS aROSSI CLIFFORD aRISK PROFESSIONAL S SURVIVAL GUIDE APPLI c2014aNew JerseybJohn Wiley axiii, : 508 : p. : cm. ; 23 cb33